000 00416nam a2200157Ia 4500
008 230917s9999||||xx |||||||||||||| ||und||
040 _e178034
_aMAIN
041 _aEnglish
082 _a346.022 M91I(13)
100 _aPollock
245 0 _aIndian contract and specific relief acts 2V
250 _a13th ed.
260 _aNagpur
_bLexisNexisButterworth Wadhwa
_c2009
300 _avarious pages p.
942 _cBK
999 _c156848
_d156848